Microeconomics

Bibliographic Details
Main Author: O'Brien, Anthony Patrick (Author)
Format: Book
Language:English
Published: New York : Prentice Hall , c2009
Edition:3rd ed
Subjects:

MARC

LEADER 00000cam a2200000 7i4500
001 0000067921
005 20110222093000.0
008 100721s2009 nyu eng
020 |a 0136021972 (pbk.) 
020 |a 9780136021971 (pbk.) 
090 0 0 |a HB172   |b .H83 2009 
245 1 0 |a Microeconomics   |c R. Glenn Hubbard, Anthony Patrick O'Brien 
250 |a 3rd ed 
260 |a New York :   |b Prentice Hall ,   |c c2009 
300 |a xiv, 611 p. :   |b ill. ;   |c 28 cm. 
504 |a Includes bibliographical references and index 
505 0 |a 1. Introduction -- 2. Markets in action -- 3. Firms in the domestic and international economies -- 4. Microeconomics foundations: consumers and firms -- 5. Market structure and firm strategy -- 6. Markets for factors of production -- 7. Information, taxes, and the distribution of income 
650 0 |a Microeconomics 
700 1 |a O'Brien, Anthony Patrick ,   |e author 
999 |a 1000134978   |b Book   |c OPEN SHELF (30 DAYS)   |e Gong Badak Campus